00567nam a22001697a 450000500170000001000150001702000260003203500130005803700130007108200140008410000260009824501130012426000440023727000680028130000250034970000230037420151207161843.0 aENG-114264 a9789381615010c500.00 aEN-97796 bDBAD/PUB a307.14123 aPhanindra Kumar Singh aIntegrated rural development programme :cby Phanindra Kumar Singh [and] Vindeshwari Prasadba micro study / aNew DelhibPragatisheel Prakashanc2012 aN-3/25, 1st Floor, Mohan Garden, Uttam NagarbNew Delhie110059 aviii,188p.c22cm(Hb) aVindeshwari Prasad